书目信息 |
| 题名: |
化石世界
|
|
| 作者: | ;《化石世界》编辑部 编 | |
| 分册: | ||
| 出版信息: | 北京 科学出版社 1978 |
|
| 页数: | 260页 | |
| 开本: | 19cm | |
| 丛书名: | ||
| 单 册: | ||
| 中图分类: | Q911.2 | |
| 科图分类: | ||
| 主题词: | 进化-生物--普及读物 , 普通:古生物学 , 生物-进化--普及读物 | |
| 电子资源: | ||
| ISBN: | ||
| 000 | 00721nam0 2200253 45 | |
| 001 | 0178005680 | |
| 005 | 20060812171503.89 | |
| 010 | @dCNY0.58 | |
| 091 | @a13031.794 | |
| 100 | @a19950727d1978 em y0chiy0121 ea | |
| 101 | 0 | @achi |
| 102 | @aCN@b110000 | |
| 105 | @ay z 000yy | |
| 200 | 10 | @a化石世界@Ahua shi shi jie@f《化石世界》编辑部编@F《hua shi shi jie》bian ji bu bian |
| 210 | @a北京@c科学出版社@d1978 | |
| 215 | @a260页@d19cm | |
| 606 | @a进化-生物@x普及读物 | |
| 606 | 0 | @a普通:古生物学 |
| 606 | @a生物-进化@x普及读物 | |
| 610 | 0 | @a化石 |
| 690 | @aQ911.2 | |
| 711 | 0 | @a《化石世界》编辑部@A《hua shi shi jie》bian ji bu@4编 |
| 801 | 0 | @aCN@bNLC@c20060812 |
| 905 | @f1@b3641@dQ911.2@e1@b3633@f1 | |
| 化石世界/《化石世界》编辑部编.-北京:科学出版社,1978 |
| 260页;19cm |
| ISBN :CNY0.58 |
| ● |
| 相关链接 |
|
|
|
|
正题名:化石世界
索取号:Q911.2/1
 
预约/预借
| 序号 | 登录号 | 条形码 | 馆藏地/架位号 | 状态 | 备注 |
| 1 | 0003633 | 000702476 | 第二样本阅览室/ [索取号:Q911.2/1] | 在馆 | |
| 2 | 0003635 | 202209868 | 密集书库/ [索取号:Q911.2/1] | 在馆 | |
| 3 | 0003637 | 202209653 | 密集书库/ [索取号:Q911.2/1] | 在馆 | |
| 4 | 0003641 | 000702467 | 密集书库/ [索取号:Q911.2/1] | 在馆 | |
| 5 | 0452500 | 204525004 | 密集书库/ [索取号:Q911.2/1] | 在馆 |